| 000 | 00514nam a2200205Ia 4500 | ||
|---|---|---|---|
| 005 | 20250317065318.0 | ||
| 008 | 240331s9999 xx 000 0 und d | ||
| 020 | _a8120601475 | ||
| 082 |
_a301 _bIYE _21502 |
||
| 100 | _aIyengar, P. T. S | ||
| 245 | 0 |
_aLife in Ancient India _bIn the Age of Mantras |
|
| 260 |
_aNew Delhi, _bAsian Educational Services _c1982 |
||
| 300 | _ax, 140 p., | ||
| 650 | _aIndia | ||
| 650 | _aHistory | ||
| 650 | _aAgriculture | ||
| 650 | _aWomen | ||
| 650 | _aReligion | ||
| 942 | _cL | ||
| 999 |
_c1015 _d1015 |
||